| 000 | 00979nam a22003257a 4500 | ||
|---|---|---|---|
| 001 | 0011500 | ||
| 003 | KOHA_MİRAKIL | ||
| 005 | 20260207001819.0 | ||
| 007 | ta | ||
| 008 | 091214b1983 tu |||grd|||#0|||0|tur | | ||
| 020 | _c0,01 | ||
| 040 |
_aTR-BiSEU _btur _cTR-BiSEU _erda |
||
| 041 | 0 | _atur | |
| 044 | _ctu | ||
| 050 |
_aQA5 _b.C65 1983 |
||
| 100 | 1 | _aÇoker, Doğan. | |
| 245 | 1 |
_aMatematik terimleri sözlüğü/ _cDoğan Çoker ; Doğan Çoker, Timur Karaçay. |
|
| 264 | 1 |
_aAnkara : _bTürk Dil Kurumu _c1983 |
|
| 300 | _axii, 502 sayfa; 23 cm. | ||
| 336 |
_ametin _btxt _2rdacontent |
||
| 337 |
_aaracısız _bn _2rdamedia |
||
| 338 |
_acilt _bnc _2rdacarrier |
||
| 490 | 1 |
_aTürk Dil Kurumu yayınları ; _v 508 |
|
| 500 | _aKütüphanede 2 kopya vardır. | ||
| 650 | 0 |
_aMathematics--Dictionaries. _928037 |
|
| 650 | 0 |
_aMatematik--Sözlükler. _928038 |
|
| 830 | 1 |
_aTürk Dil Kurumu yayınları ; _v 508 _95565 |
|
| 907 | _aSözlük | ||
| 942 |
_2lcc _cBK |
||
| 999 |
_c11469 _d11469 |
||